[Event "Moscow-ch Men 2019"]
[Site "Moscow"]
[Date "2019.04.04"]
[Round "6.15"]
[White "Kurdakov, Yuri"]
[Black "Tsoi, Dmitry"]
[Result "1/2-1/2"]
[WhiteElo "2128"]
[BlackElo "2340"]
[Annotator "TA"]
[PlyCount "80"]
[EventDate "2019.03.30"]
[EventType "swiss"]
[EventCountry "RUS"]
[SourceTitle "playchess.com"]
[Source "ChessBase"]
[SourceQuality "1"]

{[%evp 9,80,3,1,7,11,-17,-17,-30,27,23,56,49,117,117,110,114,130,130,131,131,136,107,129,129,148,148,173,65,80,66,62,56,60,45,66,65,67,47,43,43,31,22,59,0,16,0,11,10,21,0,0,0,9,0,24,33,104,104,104,93,68,68,68,68,104,104,104,104,104,0,104,77,123]} 1. c4 f5 2. Nc3 Nf6 3. g3 e6 4. Bg2 Be7 5. e4 (5. d4 O-O 6. d5 e5 7. Nf3 d6 8. O-O a5 9. c5 Na6 10. cxd6 cxd6 11. Ng5 Nc7 12. a4 h6 13. Nf3 Na6 14. Nd2 Bd7 15. Nc4 Rc8 16. b3 Nc5 {1-0 (35) Tarlev,K (2547)-Noroozi,O (2364) Urmia 2015}) 5... fxe4 6. Nxe4 {A10: English Opening: Unusual Replies for Black} O-O 7. d4 Nxe4 8. Bxe4 {The position is equal.} Bb4+ (8... d5 $142 9. Bg2 dxc4) 9. Bd2 $11 Qf6 {[%csl Gf8][%cal Rf6f2]} 10. Nf3 Na6 $146 (10... Bxd2+ $14 11. Qxd2 h6) ({Predecessor:} 10... Bxd2+ 11. Qxd2 d5 12. cxd5 exd5 13. Bxd5+ {1-0 (36) Kovalov,S (2351)-Toporov,V (2177) St Petersburg 2002}) 11. O-O $36 {[%mdl 2048] Black must now prevent Bg5. White has strong initiative.} Bxd2 12. Qxd2 ({Much weaker is} 12. Nxd2 $6 Qxd4 13. Qc2 g6 $15) 12... Rb8 13. Ng5 g6 14. Bg2 b5 15. Ne4 Qe7 {[#]} 16. c5 $1 Bb7 17. Rfe1 Qd8 18. b4 ({Better is} 18. a4 $18 b4 19. Bf1) 18... Bxe4 $1 $14 19. Bxe4 {And now a4 would win.} c6 20. Bg2 Nc7 {[%cal Ba6c7,Bc7e8,Be8f6][%mdl 32]} 21. h4 Kg7 22. Re5 Ne8 23. h5 Nf6 24. hxg6 hxg6 25. Rg5 Nh7 26. Re5 (26. Rg4 $1 $14 Nf6 27. Rf4 (27. Rh4 Rh8 $11)) 26... a5 27. a3 axb4 28. axb4 Ra8 29. Rae1 {[%cal Ba1e1,Be1h1,Bh1h4,Bh4g4][%mdl 32]} Nf6 30. Rg5 Nh7 31. Rge5 Qf6 32. Be4 Ra4 {[#]} (32... Qe7 $1 $14) 33. Kg2 $1 $16 Rf7 34. Rh1 Kg8 35. Rh4 Nf8 36. Rg4 Qg7 37. Reg5 Rf6 38. Qc2 Kf7 39. Qd2 (39. Qb2 $16) 39... Ke7 (39... Kg8 $1 $11) 40. Re5 Kf7 {Accuracy: White = 56%, Black = 31%.} 1/2-1/2

[Event "Moscow-ch Men 2019"]
[Site "Moscow"]
[Date "2019.04.04"]
[Round "6.16"]
[White "Chudinovskikh, Alexander M"]
[Black "Gubajdullin, Alexei"]
[Result "0-1"]
[WhiteElo "2213"]
[BlackElo "2344"]
[Annotator "TA"]
[PlyCount "70"]
[EventDate "2019.03.30"]
[EventType "swiss"]
[EventCountry "RUS"]
[SourceTitle "playchess.com"]
[Source "ChessBase"]
[SourceQuality "1"]

{[%evp 14,70,47,48,54,34,42,34,43,0,0,0,0,-68,-71,-61,-56,-68,-57,-62,-60,-137,-129,-133,-123,-131,-130,-129,-130,-122,-111,-138,-76,-87,-23,-39,-9,-49,-4,-268,-251,-234,-222,-649,-566,-558,-556,-962,-920,-851,-808,-1563,-543,-870,-871,-1048,-989,-856,-727]} 1. d4 g6 2. e4 Bg7 3. Nc3 d6 4. Nf3 a6 5. a4 b6 6. Bc4 e6 7. O-O Ne7 8. Re1 Nd7 {B06: Modern Defence} 9. Bf4 h6 10. Qd2 g5 {White is slightly better.} 11. Be3 $146 ({Predecessor:} 11. Bg3 Ng6 12. h3 Nf6 13. e5 Nh5 14. Bh2 Nhf4 15. exd6 cxd6 {1-0 (36) Gustafsson,J (2630)-Fier,A (2636) Linares 2015}) 11... g4 12. Nh4 Bf6 13. g3 ({Better is} 13. Nf5 $1 $11 exf5 14. Bxh6) 13... Bxh4 $1 $15 14. gxh4 Ng6 $1 15. h5 Nh4 16. Be2 Bb7 17. Bxh6 ({White should play} 17. Bf4 $15) 17... Nf3+ $1 $17 18. Bxf3 gxf3 19. Kh1 Qh4 $40 {[%mdl 128] And now ...0-0-0 would win. Black attacks with force.} 20. Qg5 {[#]} Qxg5 $1 ({Don't do} 20... Qxf2 21. Rg1) 21. Bxg5 Rxh5 22. Bf4 e5 (22... Nf6 $142 23. Bg3 O-O-O) 23. dxe5 dxe5 ({Black should try} 23... Nxe5 $17 24. Bxe5 dxe5) 24. Bg3 $1 $11 O-O-O 25. Rad1 Rg8 {Threatens to win with ...f5.} 26. Re3 $2 {[%mdl 8192] [#]} (26. Kg1 $11 {and White is okay.}) 26... f5 $1 $19 27. Red3 Nc5 {[%mdl 64] Double Attack} 28. Nd5 $2 (28. exf5 Nxd3 29. cxd3) 28... Bxd5 {Black is clearly winning.} 29. Rxd5 Nxe4 30. Re1 Nxg3+ 31. fxg3 Rxg3 {( -> ...Rg2)} 32. Rg1 Rxg1+ 33. Kxg1 e4 34. h4 Rxh4 {...f4 is the strong threat.} 35. Rxf5 Rg4+ {Accuracy: White = 41%, Black = 58%.} 0-1

[Event "Moscow-ch Men 2019"]
[Site "Moscow"]
[Date "2019.04.05"]
[Round "7.5"]
[White "Popov, Ivan"]
[Black "Kozionov, Kirill"]
[Result "1-0"]
[WhiteElo "2585"]
[BlackElo "2441"]
[Annotator "TA"]
[PlyCount "93"]
[EventDate "2019.03.30"]
[EventType "swiss"]
[EventCountry "RUS"]
[SourceTitle "playchess.com"]
[Source "ChessBase"]
[SourceQuality "1"]

{[%evp 22,93,31,19,11,15,44,34,34,19,50,0,0,0,0,0,0,0,0,-27,31,30,210,0,0,10,4,0,14,0,35,-17,18,3,8,12,67,66,75,54,83,97,93,95,90,89,151,135,279,290,312,290,408,196,72,0,379,389,517,502,466,407,781,748,739,694,746,715,693,679,1827,2027,2456,2406]} 1. e4 e5 2. Nf3 Nc6 3. Bc4 Bc5 4. O-O Nf6 5. d3 d6 6. c3 a6 7. a4 h6 8. Re1 {C54: Giuoco Piano: 4 c3 Nf6, main lines with 5 d4 and 5 d3} Ba7 9. Nbd2 O-O 10. h3 Ne7 11. Bb3 Ng6 12. d4 {LiveBook: 15 Games} Re8 13. Bc2 Nh7 14. Nf1 Ng5 {[#]} 15. Be3 $146 ({Predecessor:} 15. Nxg5 hxg5 {1-0 (65) Demchenko,A (2672)-Martirosyan,H (2586) Batumi 2018}) 15... Qf6 {White should prevent ...Nxf3+.} 16. N3h2 exd4 17. Bxd4 Bxd4 18. Qxd4 Ne5 19. Qe3 Ne6 20. g3 a5 (20... Ng5 $11 21. f4 Nxh3+ 22. Kg2 Ng4) 21. f4 $14 Nc4 $2 (21... Nd7 $11) 22. Qe2 $2 (22. Qd3 $1 $18) 22... Nb6 $1 $11 23. e5 dxe5 24. Ng4 Qe7 25. Nxe5 Qc5+ 26. Kg2 ({White should play} 26. Ne3 $14) 26... Nd5 27. Qb5 Qxb5 28. axb5 b6 (28... Nb6 $11) 29. Be4 $36 {[%mdl 2048] White is more active.} Bb7 {[#]} 30. c4 $1 {[%cal Rc4d5]} Ndxf4+ 31. gxf4 Nxf4+ 32. Kf3 Bxe4+ 33. Kxf4 ({Stronger than} 33. Kxe4 Ng2 $17) ({Reject} 33. Rxe4 Nxh3 34. Re3 Ng5+ 35. Kf2 f5 $11) 33... Bg2 (33... f5 $142) 34. Ne3 Bxh3 {[#]} (34... g5+ $16 35. Kg3 Rxe5) 35. Nd5 $1 $18 {[%cal Rd5c7]} Rac8 36. Nc6 Kf8 (36... Rxe1 $142 37. Rxe1 Kh7) 37. Nde7 (37. Rxe8+ $142 Kxe8 38. Na7) 37... Ra8 38. Nd5 $2 {[%mdl 8192]} (38. Re5 $16) 38... Rac8 $1 39. Rxe8+ Rxe8 40. Nxc7 Re2 41. b4 g5+ (41... Bg2 $142 42. bxa5 bxa5 43. Rxa5 g5+ 44. Kg4 Kg7) 42. Kf3 {White is clearly winning.} Rb2 43. c5 Bg2+ 44. Ke3 Rb3+ 45. Kd2 Bxc6 46. bxc6 Rxb4 47. Na6 {Precision: White = 52%, Black = 35%.} 1-0

[Event "Moscow-ch Men 2019"]
[Site "Moscow"]
[Date "2019.04.05"]
[Round "7.6"]
[White "Yeletsky, Ivan"]
[Black "Savchenko, Boris"]
[Result "1-0"]
[WhiteElo "2409"]
[BlackElo "2575"]
[Annotator "TA"]
[PlyCount "97"]
[EventDate "2019.03.30"]
[EventType "swiss"]
[EventCountry "RUS"]
[SourceTitle "playchess.com"]
[Source "ChessBase"]
[SourceQuality "1"]

{[%evp 24,97,16,8,42,59,43,32,83,77,61,66,83,71,56,53,31,24,5,12,6,8,12,0,0,0,40,66,97,68,95,125,118,92,93,73,85,85,110,37,52,48,223,213,506,522,507,523,519,521,454,402,466,444,452,435,425,383,615,487,536,528,553,487,511,482,725,748,1454,1424,1352,1342,29987,29988,29990,29991]} 1. e4 e6 2. d4 d5 3. Nc3 Bb4 4. e5 c5 5. a3 Bxc3+ 6. bxc3 Qa5 7. Bd2 Qa4 8. Qg4 Kf8 9. Qd1 {C18: French: 3 Nc3 Bb4: Main line: 7 h4 and 7 Qg4} (9. h4 Nc6 10. h5 Qxc2 11. Rc1 Qe4+ 12. Qxe4 dxe4 13. Ne2 f5 14. g4 Nge7 15. gxf5 Nxf5 16. Bg2 h6 17. Bxe4 {1-0 (36) Grischuk,A (2771)-Tikkanen,H (2510) Astana 2019}) 9... b6 10. dxc5 bxc5 11. c4 Ne7 12. cxd5 exd5 13. Nf3 {[#] LiveBook: 4 Games} Nd7 $146 ({Predecessor:} 13... h6 14. Rb1 Bf5 15. Bd3 Nd7 16. O-O Bxd3 17. cxd3 Qxd1 18. Rfxd1 {½-½ (41) Sutovsky,E (2622)-Kovalenko,I (2667) Poikovsky 2016}) 14. Be2 Ba6 15. O-O Nc6 (15... h6 $14) 16. Bxa6 $16 Qxa6 17. Re1 {Threatens to win with e6.} Re8 18. Bf4 Qc4 19. Bg3 h5 20. h3 h4 21. Bh2 Rh6 22. Rb1 {[%cal Ba1b1,Bb1b3,Bb3f3,Bf3f4,Bf4h4,Bh4h5][%mdl 32] Black must now prevent Rb7.} Nb6 23. Rb3 Nd8 24. Ng5 Kg8 25. Rf3 Rg6 26. Rf4 Qb5 27. Nf3 ({Reject} 27. Qh5 $6 Rh6 $11) 27... Ne6 28. Rxh4 Qa5 29. a4 d4 30. Rh5 Nd5 {[#]} 31. Nh4 ({White should try} 31. Re4 $1 $16) 31... Qd8 $14 32. Qf3 ({Avoid the trap} 32. Nxg6 $2 fxg6 33. Qf3 gxh5 $19) 32... Nb4 $2 {[#]} (32... Rg5 $14) 33. Qe4 $1 $40 {[%mdl 128] White is out for blood.} Qa8 $2 (33... Nf8 {was necessary.} 34. Nxg6 fxg6) 34. Nxg6 fxg6 35. Qxg6 Nf8 36. Qg3 Qd5 37. c3 Nc2 38. Rd1 Qe4 39. cxd4 Nxd4 40. Qh4 Qc2 $2 (40... Qxh4 41. Rxh4 Nfe6) 41. Rf1 Ng6 42. Qg4 Nf8 43. Bg3 Qxa4 44. Kh2 a5 (44... Qd7 $142 45. Qh4 Ng6) 45. f4 {[%cal Bf2f4,Bf4f5,Bf5f6][%mdl 32]} Qb5 46. Rf2 Qd7 47. f5 g6 48. e6 Qg7 49. f6 {Precision: White = 82%, Black = 40%.} 1-0

[Event "Moscow-ch Men 2019"]
[Site "Moscow"]
[Date "2019.04.05"]
[Round "7.7"]
[White "Zakhartsov, Vladimir"]
[Black "Vorobiov, Evgeny E."]
[Result "1/2-1/2"]
[WhiteElo "2468"]
[BlackElo "2565"]
[Annotator "TA"]
[PlyCount "18"]
[EventDate "2019.03.30"]
[EventType "swiss"]
[EventCountry "RUS"]
[SourceTitle "playchess.com"]
[Source "ChessBase"]
[SourceQuality "1"]

{[%evp 17,18,0,36]} 1. e4 c5 2. Nf3 d6 3. d4 cxd4 4. Nxd4 Nf6 5. Nc3 a6 6. Be3 $146 ({Predecessor:} 6. Be2 e6 7. f4 Be7 8. g4 d5 9. e5 Nfd7 10. g5 Qb6 11. a3 h6 12. Be3 hxg5 13. f5 Nxe5 14. Nxe6 Qxe3 15. Nxd5 Nf3+ 16. Kf1 Nd2+ 17. Ke1 Nf3+ 18. Kf1 Nd2+ 19. Ke1 Nf3+ {½-½ (19) Mamedyarov,S (2817)-Fedoseev,V (2724) Wijk aan Zee 2019}) 6... Ng4 7. Bc1 Nf6 8. Be3 Ng4 9. Bc1 Nf6 1/2-1/2

[Event "Moscow-ch Men 2019"]
[Site "Moscow"]
[Date "2019.04.05"]
[Round "7.8"]
[White "Savenkov, Konstantin"]
[Black "Dvalishvili, Pavel S."]
[Result "1/2-1/2"]
[WhiteElo "2373"]
[BlackElo "2407"]
[Annotator "RC"]
[PlyCount "183"]
[EventDate "2019.03.30"]
[EventType "swiss"]
[EventCountry "RUS"]
[SourceTitle "playchess.com"]
[Source "ChessBase"]
[SourceQuality "1"]
[TimeControl "5400+30"]

1. e4 {[%emt 0:04:28]} c5 {[%emt 0:00:00]} 2. Nf3 {[%emt 0:00:52]} d6 {[%emt 0:00:00]} 3. Bb5+ {[%emt 0:00:07]} Bd7 {[%emt 0:00:00]} 4. Bxd7+ {[%emt 0:00:06]} Nxd7 {[%emt 0:00:00]} 5. O-O {[%emt 0:00:10]} Ngf6 {[%emt 0:00:01]} 6. Qe2 {[%emt 0:00:24]} e6 {[%emt 0:00:26]} 7. c3 {[%emt 0:01:29]} Be7 {[%emt 0:00:10]} 8. d4 {[%emt 0:00:41]} cxd4 {[%emt 0:00:36]} 9. cxd4 {[%emt 0:00:05]} d5 {[%emt 0:00:10]} 10. e5 {[%emt 0:00:15]} Ne4 {[%emt 0:00:02]} 11. Ne1 {[%emt 0:00:29]} h6 {[%emt 0:00:23]} 12. f3 {[%emt 0:01:57]} Ng5 {[%emt 0:00:02]} 13. Nc3 {[%emt 0:00:27]} Qb6 {[%emt 0:02:37]} 14. f4 {[%emt 0:01:16]} Nh7 {[%emt 0:00:25]} 15. Be3 {[%emt 0:00:20]} O-O {[%emt 0:03:17]} 16. f5 {[%emt 0:07:00]} f6 {[%emt 0:00:30]} 17. Nd3 {[%emt 0:09:17]} fxe5 {[%emt 0:12:07]} 18. dxe5 {[%emt 0:01:24]} d4 {[%emt 0:01:36]} 19. fxe6 {[%emt 0:00:28]} Qxe6 {[%emt 0:03:13]} 20. Bxd4 {[%emt 0:02:52]} Qc4 {[%emt 0:00:30]} 21. Qe4 {[%emt 0:01:38]} Rxf1+ {[%emt 0:05:40]} 22. Rxf1 {[%emt 0:00:24]} Ng5 {[%emt 0:00:08]} 23. Qd5+ {[%emt 0:01:36]} Qxd5 {[%emt 0:00:01]} 24. Nxd5 {[%emt 0:00:06]} Bd8 {[%emt 0:00:16]} 25. N3f4 {[%emt 0:11:37]} Nf8 {[%emt 0:00:13]} 26. Rd1 {[%emt 0:04:28]} Nge6 {[%emt 0:00:32]} 27. Bc3 {[%emt 0:02:20]} Rc8 {[%emt 0:00:34]} 28. g3 {[%emt 0:03:10]} Kf7 {[%emt 0:01:41]} 29. Kg2 {[%emt 0:02:53]} g5 {[%emt 0:02:50]} 30. Nxe6 {[%emt 0:02:05]} Kxe6 {[%emt 0:00:46]} 31. Nb4 {[%emt 0:10:32]} Be7 {[%emt 0:06:13]} 32. Nc2 {[%emt 0:01:22]} Ng6 {[%emt 0:01:00]} 33. Re1 {[%emt 0:10:07]} Bc5 {[%emt 0:00:32]} 34. Re2 {[%emt 0:01:09]} g4 {[%emt 0:02:03]} 35. h3 {[%emt 0:01:19]} gxh3+ {[%emt 0:00:18]} 36. Kxh3 {[%emt 0:00:10]} Rd8 {[%emt 0:00:17]} 37. Ne1 {[%emt 0:03:01]} h5 {[%emt 0:02:27]} 38. Nf3 {[%emt 0:01:35]} Rd3 {[%emt 0:00:56]} 39. Kg2 {[%emt 0:00:20]} Bb6 {[%emt 0:05:33]} 40. a4 {[%emt 0:04:57]} a6 {[%emt 0:00:17]} 41. a5 {[%emt 0:01:08]} Bd8 {[%emt 0:00:11]} 42. Nd4+ {[%emt 0:01:48]} Kd5 {[%emt 0:00:17]} 43. Nf5 {[%emt 0:00:56]} Ne7 {[%emt 0:05:37]} 44. Nxe7+ {[%emt 0:04:51]} Bxe7 {[%emt 0:00:02]} 45. Re1 {[%emt 0:01:13]} h4 {[%emt 0:01:01]} 46. gxh4 {[%emt 0:00:06]} Bxh4 {[%emt 0:00:01]} 47. Rh1 {[%emt 0:00:09]} Rg3+ {[%emt 0:05:01]} 48. Kf1 {[%emt 0:00:19]} Be7 {[%emt 0:00:46]} 49. Rh7 {[%emt 0:01:08]} Ke6 {[%emt 0:00:37]} 50. Kf2 {[%emt 0:00:48]} Rg4 {[%emt 0:02:55]} 51. Rh6+ {[%emt 0:00:28]} Kd7 {[%emt 0:00:15]} 52. Kf3 {[%emt 0:00:19]} Rh4 {[%emt 0:00:27]} 53. Rg6 {[%emt 0:00:14]} Rc4 {[%emt 0:00:49]} 54. Ke3 {[%emt 0:01:06]} Rc6 {[%emt 0:03:14]} 55. Rg7 {[%emt 0:00:19]} Ke6 {[%emt 0:00:02]} 56. Kd4 {[%emt 0:00:29]} Rc7 {[%emt 0:02:06]} 57. Rg6+ {[%emt 0:02:06]} Kf5 {[%emt 0:00:01]} 58. Rh6 {[%emt 0:00:43]} Rd7+ {[%emt 0:00:44]} 59. Kc4 {[%emt 0:00:04]} Rc7+ {[%emt 0:00:01]} 60. Kd5 {[%emt 0:00:38]} Rd7+ {[%emt 0:00:01]} 61. Kc4 {[%emt 0:00:53]} Rc7+ {[%emt 0:00:01]} 62. Kb3 {[%emt 0:00:11]} Rc6 {[%emt 0:03:13]} 63. Rh7 {[%emt 0:00:43]} Ke6 {[%emt 0:02:37]} 64. Bb4 {[%emt 0:00:42]} Bd8 {[%emt 0:00:12]} 65. Bc3 {[%emt 0:01:20]} Bc7 {[%emt 0:00:25]} 66. Kb4 {[%emt 0:00:43]} Kd5 {[%emt 0:00:53]} 67. Rd7+ {[%emt 0:00:19]} Ke6 {[%emt 0:00:02]} 68. Rh7 {[%emt 0:00:05]} Kd5 {[%emt 0:00:01]} 69. Rd7+ {[%emt 0:01:04]} Ke6 {[%emt 0:00:01]} 70. Rd3 {[%emt 0:00:20]} b6 {[%emt 0:00:58]} 71. axb6 {[%emt 0:00:08]} Bxb6 {[%emt 0:01:59]} 72. Rh3 {[%emt 0:00:15]} Kd5 {[%emt 0:01:00]} 73. Rh8 {[%emt 0:00:37]} Bc7 {[%emt 0:00:52]} 74. Rh7 {[%emt 0:00:30]} Rc4+ {[%emt 0:01:14]} 75. Kb3 {[%emt 0:00:05]} Rc6 {[%emt 0:00:09]} 76. Re7 {[%emt 0:00:36]} Rc5 {[%emt 0:04:13]} 77. Kc2 {[%emt 0:00:37]} Ba5 {[%emt 0:02:57]} 78. Kd3 {[%emt 0:01:06]} Bxc3 {[%emt 0:02:06]} 79. bxc3 {[%emt 0:00:04]} a5 {[%emt 0:00:55]} 80. Re8 {[%emt 0:00:42]} Rc7 {[%emt 0:01:08]} 81. c4+ {[%emt 0:00:25]} Kc5 {[%emt 0:00:01]} 82. Ra8 {[%emt 0:00:41]} Rd7+ {[%emt 0:00:42]} 83. Kc3 {[%emt 0:00:38]} Kb6 {[%emt 0:00:01]} 84. Rb8+ {[%emt 0:00:07]} Kc6 {[%emt 0:00:14]} 85. Rc8+ {[%emt 0:00:55]} Kb6 {[%emt 0:00:25]} 86. Re8 {[%emt 0:00:34]} Rd1 {[%emt 0:00:58]} 87. e6 {[%emt 0:00:06]} Kc7 {[%emt 0:00:16]} 88. c5 {[%emt 0:00:27]} Re1 {[%emt 0:01:09]} 89. Kc4 {[%emt 0:01:04]} a4 {[%emt 0:00:12]} 90. Kb4 {[%emt 0:00:41]} Re4+ {[%emt 0:00:28]} 91. Kb5 {[%emt 0:00:11]} a3 {[%emt 0:00:14]} 92. Ra8 {[%emt 0:00:50]} 1/2-1/2

[Event "Moscow-ch Men 2019"]
[Site "Moscow"]
[Date "2019.04.05"]
[Round "7.9"]
[White "Gubajdullin, Alexei"]
[Black "Afanasiev, Nikita"]
[Result "0-1"]
[WhiteElo "2344"]
[BlackElo "2527"]
[Annotator "TA"]
[PlyCount "96"]
[EventDate "2019.03.30"]
[EventType "swiss"]
[EventCountry "RUS"]
[SourceTitle "playchess.com"]
[Source "ChessBase"]
[SourceQuality "1"]

{[%evp 13,96,3,35,0,0,0,26,21,31,0,0,0,0,-6,0,0,0,0,0,0,12,-6,-6,-15,-8,-10,-9,-11,-8,-6,-7,-7,-23,-31,-31,-38,-46,-39,-16,-17,-18,-22,-22,-22,-22,-45,-22,-39,-24,-31,-38,-185,-177,-177,-181,-212,-203,-222,-222,-218,-218,-215,-189,-200,-220,-373,-360,-371,-369,-350,-346,-402,-319,-307,-277,-576,-563,-716,-723,-705,-672,-1397,-1037,-1349,-619]} 1. d4 Nf6 2. Bf4 g6 3. e3 Bg7 4. Nf3 d6 5. Be2 O-O 6. O-O Nc6 7. h3 Nd7 8. Bg5 {A48: 1 d4 Nf6 2 Nf3 g6: Torre, London and Colle Systems} (8. Bh2 e5 9. Nc3 exd4 10. Nxd4 Nxd4 11. exd4 Re8 12. Qd2 Nf8 13. Bc4 Be6 14. Bxe6 Nxe6 15. Ne2 Qg5 16. Qd3 Qd5 {½-½ (68) Nakamura,H (2767)-Aronian,L (2797) Saint Louis 2014}) 8... h6 9. Bh4 g5 10. Bg3 {White has an edge.} e5 11. dxe5 dxe5 12. Nfd2 $146 ({Predecessor:} 12. e4 Ne7 13. Bc4 Ng6 14. Nc3 Nc5 15. Qxd8 Rxd8 {½-½ (53) Chunguane,I (2034)-Pasko,L (2316) Baku 2016}) 12... f5 13. f3 Nb6 14. c3 Be6 15. e4 f4 16. Bf2 h5 (16... Qf6 {with more complications.} 17. a4 Rfd8 18. Qc2 Qf7 19. a5 Nc8) 17. Nb3 Qxd1 18. Rxd1 Na4 19. Rd2 a6 20. Nc1 Rfd8 21. Nd3 Bf8 22. b3 Nb6 23. Nc5 Bxc5 24. Bxc5 Nd7 25. Bf2 Nf6 26. Rxd8+ Rxd8 27. Be1 Kf7 28. Nd2 g4 29. Kh2 Ne7 30. Nc4 Ng6 31. Na5 Bc8 32. Rd1 (32. hxg4 $15 hxg4 33. Rd1 Rh8+ 34. Kg1) 32... Rxd1 $19 33. Bxd1 g3+ 34. Kg1 Nh7 $1 35. Nc4 {[#]} Ng5 $1 36. h4 Ne6 37. Nb2 Nxh4 38. Nd3 Ng6 39. b4 $2 (39. a4) 39... Kf6 40. c4 h4 41. Bc3 Ng5 42. b5 h3 43. bxa6 bxa6 44. gxh3 $2 (44. Be2 {was the only chance.}) 44... Nxh3+ {Black is clearly winning.} 45. Kf1 Be6 46. Bb3 Ng5 {...Bh3+ is the strong threat.} 47. Ne1 Nh4 48. Ke2 {[#]} g2 {Accuracy: White = 55%, Black = 81%.} (48... Bg4 $142 $1 {[%mdl 512]} 49. Bb4 (49. fxg4 g2) 49... Nhxf3) 0-1

[Event "Moscow-ch Men 2019"]
[Site "Moscow"]
[Date "2019.04.05"]
[Round "7.10"]
[White "Golubov, Saveliy"]
[Black "Yeritsyan, Aram"]
[Result "1/2-1/2"]
[WhiteElo "2460"]
[BlackElo "2301"]
[Annotator "TA"]
[PlyCount "111"]
[EventDate "2019.03.30"]
[EventType "swiss"]
[EventCountry "RUS"]
[SourceTitle "playchess.com"]
[Source "ChessBase"]
[SourceQuality "1"]

{[%evp 16,111,14,15,6,4,0,0,14,21,15,9,52,53,54,23,15,21,28,0,0,0,4,0,0,-156,-88,-139,-68,-62,-73,-104,-103,-114,-118,-225,-212,-228,-204,-218,-114,-84,0,-76,-52,-72,0,0,0,-112,0,0,0,-14,-8,-8,-8,-19,0,0,58,0,0,0,0,-22,-28,-96,-98,-95,-67,-262,-251,-464,-497,-454,-455,-422,-248,-248,-245,-234,-174,-172,0,0,0,0,0,0,0,0,0,0,0,0,0,0]} 1. Nf3 d5 2. g3 c6 3. Bg2 Bg4 4. O-O Nd7 5. d3 e6 6. Nbd2 Bd6 7. b3 Ne7 8. Bb2 O-O 9. e4 a5 {A07: Réti Opening: New York and Capablanca Systems} 10. a3 (10. a4 Be5 11. d4 Bd6 12. Re1 b5 13. Qc1 bxa4 14. Rxa4 Nb6 15. Ra1 Bxf3 16. Nxf3 a4 17. Ne5 {1-0 (49) Pantsulaia,L (2605)-Quesada Perez,Y (2627) chess.com INT 2018}) 10... b5 11. c4 Qb6 12. Qc2 e5 $146 ({Predecessor:} 12... Rab8 13. Rab1 Rfc8 14. Rfe1 Qd8 15. h3 Bh5 16. Nh4 Ng6 17. Nhf3 Ne7 18. Nh4 Ng6 19. Nhf3 Ne7 20. Nh4 Ng6 {½-½ (20) Goletiani,R (2359)-Kosintseva,N (2468) Dresden 2008}) 13. d4 exd4 (13... dxc4 {feels hotter.} 14. dxe5 cxb3 15. Qc3 Bxa3 16. Bxa3 b4) 14. cxd5 cxd5 15. Bxd4 Bc5 $1 {[%cal Rc5d4]} 16. Bxc5 Nxc5 17. exd5 Bf5 18. Qc3 Nxd5 19. Qe5 Be6 $1 20. Qh5 $2 {[#]} (20. Ng5 $11) 20... Nf6 $36 {[%mdl 2048] Black is on the roll.} (20... Rad8 $142 $1 21. a4 (21. b4 axb4 22. axb4 Nxb4 $17) 21... b4) 21. Qh4 (21. Qe5 $142) 21... Nxb3 (21... Rad8 $17 22. Rae1 Bxb3 23. Nxb3 Nxb3) 22. Nxb3 $15 Bxb3 23. Rab1 Bc2 24. Rb2 Be4 25. g4 (25. Qf4 $17 {was necessary.}) 25... h6 $19 26. Qg3 Rab8 27. h4 Qe6 (27... Rfe8 $19 28. g5 hxg5 29. hxg5 Nd5) 28. Re1 $17 {Nd2 is the strong threat.} Qd5 (28... Qc8 $17 {aiming for ...b4.} 29. Rbe2 b4) 29. Rd2 (29. g5 $11 hxg5 30. hxg5) 29... Qb3 30. Re3 Qb1+ (30... Qc4 $17 {And now ...Qc1+ would win.} 31. Bf1 Qc1) 31. Re1 $11 Qb3 32. Rde2 (32. Re3 $11 {keeps the balance.} Qc4 33. Bf1) 32... Bxf3 (32... Qxa3 $17 33. g5 hxg5 34. hxg5 Nh5) 33. Bxf3 Rbe8 34. g5 hxg5 35. hxg5 Rxe2 36. Rxe2 Nd5 37. Re5 Rd8 (37... Nc7 $11) 38. Kg2 ({White should try} 38. g6 $14 Nf6 39. gxf7+ Qxf7 40. Rxb5) 38... Qc4 39. Re4 Qd3 40. Qe5 {Black must now prevent Rd4.} Qc3 41. Qg3 {[#]} (41. a4 $11 {remains equal.}) 41... g6 $1 $17 ({Don't play} 41... Qxa3 $6 42. Rd4 $11) 42. Re5 Qd2 43. Qh4 $2 (43. Bxd5 $15 Rxd5 44. Qh2 Rxe5 45. Qxe5) 43... Nf4+ $19 44. Kg3 $2 (44. Kg1) 44... Nd3 {[%mdl 64] Double Attack} 45. Re2 Qc3 46. Re3 Qc7+ (46... Qxa3 $142 47. Be2 Qd6+ 48. f4 Nb4) 47. Kg2 Nf4+ 48. Kg1 Ne6 49. Bg4 Ng7 $2 (49... Qc1+ $19 50. Kh2 Qc7+ 51. Qg3 Qxg3+ 52. Kxg3 Nxg5) 50. Rh3 $11 {[%csl Gh3][%cal Rh4h8] The position is equal.} Qc1+ 51. Kg2 {[%csl Gh3][%cal Rh4h8]} Nh5 $1 {[%cal Rh5f4]} 52. Bxh5 gxh5 53. Qxh5 {[%csl Gh3][%cal Rh5h8]} Qc6+ 54. Kg1 {[%csl Gh3][%cal Rh5h8]} Qc1+ 55. Kg2 {[%csl Gh3][%cal Rh5h8]} Qc6+ 56. Kg1 {Accuracy: White = 37%, Black = 50%.} 1/2-1/2